000 00737nam a2200229 i 4500
001 108033
003 ES-MaACL
005 20250208063127.0
007 t|
008 070111s1952 sp ||||1| cat d
080 _a820-3"18"
100 1 _aKipling, Rudyard,
_d1865-1936
_968087
245 1 0 _aPrimer LLibre de la Jungla /
_cRudyard Kipling; traducció de Mariáa Manent.
250 _a3ªed.
260 _aBarcelona :
_bEditorial Selecta,
_c1952.
300 _a248 p., 1 f. de lám. :
_bil. retr. ;
_c14 cm.
490 1 _aBiblioteca selecta universal ;
_v3
700 1 _aManent, María.
_975976
830 0 _aBiblioteca selecta universal ;
_v3
_9185512
852 _aES-MaACL
_jE-3879
999 _c108033
_d108033